| 000 | 00541nam a2200157 a 4500 | ||
|---|---|---|---|
| 001 | 000036016 | ||
| 005 | 20200930074813.0 | ||
| 008 | 111123s1996 dr 000 0 spa d | ||
| 040 |
_aDO-SdBNP _bspa _cBNPHU |
||
| 082 |
_axxxx _bD186 |
||
| 100 | 1 |
_aGonzález, Danilo _962054 |
|
| 245 | 1 | 0 |
_aDanilo González : _bpinturas, esculturas, dibujos, grabados, instalaciones, cerámicas. |
| 246 | 1 | 4 |
_aDanilo González : _bhumanismo. |
| 260 |
_aSanto Domingo : _bAsociación Dominicana de Crítico de Arte, _c1996. |
||
| 300 |
_a[10 p.] : _bils. ; _c24 cm. |
||
| 999 |
_c35507 _d35507 |
||